00986nam a2200241Ia 450000100060000000300090000600800410001504000130005604000130006904100130008210000150009510000290011024500930013924500930023225000110032526000110033626000130034726000490036030000570040950002200046665000270068665000310071363940IT-RoPAU130308s9999 xx 000 0 und d aIT-RoPAU cIT-RoPAU aITALIANO aGasca Luis gCodice Aut. SPICS: 6241 aFantascienza e cinema-Lessico delle opere, storie e personaggi dal 1898 ai nostri giorni bFantascienza e Cinema-Lessico delle Opere, Storie e Personaggi dal 1898 Ai Nostri Giorni a1a ed. aMILANO bMazzotta c1972 [1° Ed.:1972 - Ed.Ling.Originale:1972] a"320 p. (prefazione: no ; testo: 320 [pagine: 0-0])" aFantascienza Cinematografica Pionieri della Fantascienza Ciclo spaziale Invasori della terra Laboratori Diabolici superuomini Uomini Artificiali Creature Mostruose Era Atomica e Fantapolitica Filmografia Cronologica aGENERI CINEMATOGRAFICI eCodice materia Spics: 6810